000 00540nam a2200169Ia 4500
003 GCL
008 140319s9999 xx 000 0 ara d
040 _aGCL /
_cGCL
082 0 4 _a029
_bم و
100 1 _aمحمود عباس حموده
245 1 0 _aالوثائق الضمانية فى مصر زواج - بيع - ايجار - استبدال - وقف /
_cمحمود عباس حموده
490 _aكتاب
_v0
650 0 4 _aالوثائق
650 0 4 _aالارشيف
650 0 4 _aالوثائق الضمانية
942 _2ddc
_cBK
999 _c42266
_d42266